[Liquidació del pressupost] Liquidación del presupuesto especial del servicio provincial de recaudacion de contribuciones e impuestos del estado y de arbitrios municipales del ejercicio económico de 1977
Descripción Física:
27 p ; 21 cm
MARC
| LEADER | 00000nam a2200000Ia 4500 | ||
|---|---|---|---|
| 001 | 18057 | ||
| 008 | 160829s9999 xx 000 0 cat d | ||
| 080 | |a Pressupostos | ||
| 110 | 1 | |a Barcelona (Catalunya : Província). |b Diputació |9 52408 | |
| 245 | |a [Liquidació del pressupost] Liquidación del presupuesto especial del servicio provincial de recaudacion de contribuciones e impuestos del estado y de arbitrios municipales del ejercicio económico de 1977 | ||
| 260 | |a Barcelona: |b Diputació de Barcelona, [s.a.] 1977 | ||
| 300 | |a 27 p ; |c 21 cm | ||
| 590 | |a en castellà | ||
| 590 | |a Dins caixa | ||
| 610 | 1 | 0 | |a Barcelona (Catalunya : Província). |b Diputació |x Assignacions pressupostàries i despeses |9 53789 |
| 901 | |a Arxiu | ||
| 942 | |n 1 | ||
| 952 | |0 0 |1 0 |4 0 |6 PRESSUPOSTOS |7 1 |9 44915 |a Arxiu |b Arxiu |d 2016-12-01 |l 0 |o Pressupostos |p 18057 |r 2016-12-01 00:00:00 |w 2016-12-01 |y ARXIU | ||
| 999 | |c 47514 |d 47514 | ||